LEADER 00893nam1-2200349---450- 001 990000758610203316 035 $a0075861 035 $aUSA010075861 035 $a(ALEPH)000075861USA01 035 $a0075861 100 $a20011121d--------km-y0itay0103----ba 101 $ager 102 $aUS 105 $a||||||||001yy 200 1 $a<> dorische Kreta$fErnst Kirsten 210 $aChicago$cAres 215 $av.$d24 cm 410 $12001 461 1$1001-------$12001 606 0 $aCreta$xStoria 676 $a939.18 700 1$aKIRSTEN,$bErnst$0179140 801 0$aIT$bsalbc$gISBD 912 $a990000758610203316 951 $aII t B 456$bLM$cII t B 959 $aBK 969 $aUMA 979 $aPATTY$b90$c20011121$lUSA01$h1358 979 $c20020403$lUSA01$h1723 979 $aPATRY$b90$c20040406$lUSA01$h1652 996 $aDorische Kreta$9964673 997 $aUNISA LEADER 00957nam0-22003371i-450- 001 990007845290403321 005 20110407134842.0 010 $a3-515-07744-8 035 $a000784529 035 $aFED01000784529 035 $a(Aleph)000784529FED01 035 $a000784529 100 $a20031216d2000----km-y0itay50------ba 101 0 $aeng 102 $aDE 105 $aa-------001yy 200 1 $aLegions and veterans$eRoman army papers$e1971-2000$fby Lawrence Keppie 210 $aStuttgart$cSteiner$d2000 215 $a339 p.$cill.$d25 cm 225 1 $aMavors Roman army researches$v12 610 0 $aEsercito romano$aSec. I-III 676 $a937.07$v20 676 $a355.00937$v20 700 1$aKeppie,$bL. J. F.$0220569 801 0$aIT$bUNINA$gRICA$2UNIMARC 901 $aBK 912 $a990007845290403321 952 $aDDR-XXIII Bb 018.12$b7578 ddr$fDDR$m21-4505 959 $aDDR 996 $aLegions and veterans$9671924 997 $aUNINA